Famous People Who Died in the City They Were Born - Statistics

General Stats
  • This quiz has been taken 58 times
  • The average score is 6 of 33
Answer Stats
Hint Answer % Correct
Stratford-upon-Avon William Shakespeare
90%
Athens Plato
86%
Alexandria Cleopatra
71%
Eisleben Martin Luther
59%
Venice Marco Polo
55%
Mexico City Frida Kahlo
37%
Syracuse Archimedes
33%
Mainz Johannes Gutenberg
29%
Figueres Salvador Dalí
24%
Paris Voltaire
24%
Auckland Edmund Hillary
20%
Königsberg Immanuel Kant
20%
Copenhagen Niels Bohr
16%
Miletus Thales
12%
Paris Jacques Chirac
10%
Copenhagen Søren Kierkegaard
10%
London Francis Bacon
8%
Paris Molière
8%
London Geoffrey Chaucer
6%
Paris Jean-Paul Sartre
6%
Kinderhook Martin Van Buren
6%
Vienna Erwin Schrödinger
4%
Calcutta Rabindranath Tagore
4%
Nuremberg Albrecht Dürer
2%
Paris Émile Zola
2%
Nishapur Omar Khayyam
2%
Mårbacka Selma Lagerlöf
2%
Paris Simone de Beauvoir
2%
Tus Al-Ghazali
0%
Shiraz Hafez
0%
Paris Marcel Proust
0%
Paris Sarah Bernhardt
0%
Calcutta Satyajit Ray
0%
No matching quizzes found
Score Distribution
Percent of People with Each Score
Percentile by Number Answered
Your Score History
You have not taken this quiz